| Tag |
First Indicator |
Second Indicator |
Subfields |
| LEADER |
00000cam a2200000 4500 |
| 001 |
in00000446607 |
| 005 |
20151012160355.0 |
| 008 |
701021s1969 ne 00000 eng |
| 010 |
|
|
|a 70017489
|
| 015 |
|
|
|a Ne***
|
| 035 |
|
|
|a (OCoLC)00096104
|
| 035 |
|
|
|9 ABZ3007AM
|
| 040 |
|
|
|a DLC
|c DLC
|d TXA
|d UtOrBLW
|
| 049 |
|
|
|a TXAM
|c 1 [957662], 2 [1573024]
|
| 050 |
0 |
0 |
|a QK96
|b .R4 vol.64
|
| 082 |
0 |
|
|a 581/.001/4
|
| 110 |
2 |
|
|a International Commission for the Nomenclature of Cultivated Plants.
|
| 245 |
1 |
0 |
|a International code of nomenclature of cultivated plants - 1969 /
|c Edited by J. S. L. Gilmour [and others].
|
| 264 |
|
1 |
|a Utrecht :
|b International Bureau for Plant Taxonomy and Nomenclature of the International Association for Plant Taxonomy,
|c 1969.
|
| 300 |
|
|
|a 32 pages ;
|c 24 cm.
|
| 336 |
|
|
|a text
|b txt
|2 rdacontent
|
| 337 |
|
|
|a unmediated
|b n
|2 rdamedia
|
| 338 |
|
|
|a volume
|b nc
|2 rdacarrier
|
| 490 |
1 |
|
|a Regnum vegetabile ;
|v v. 64
|
| 650 |
|
0 |
|a Plants
|v Nomenclature.
|
| 650 |
|
0 |
|a Plants, Cultivated.
|
| 700 |
1 |
|
|a Gilmour, J. S. L.
|q (John Scott Lennox),
|d 1906-1986.
|
| 830 |
|
0 |
|a Regnum vegetabile ;
|v v. 64.
|
| 999 |
|
|
|a MARS
|
| 999 |
f |
f |
|s 9dc4500e-bc98-344e-8f1e-654ff367e7a1
|i 3f9efcc9-5a6f-39fb-9e9c-aa4c9b0fd3d5
|t 0
|
| 952 |
f |
f |
|p ric
|a Texas A&M University
|b Rellis Campus
|c Joint Library Facility
|d Remote Storage
|t 0
|e QK96 .R4 v.64
|h Library of Congress classification
|i unmediated -- volume
|m A14804878062
|
| 998 |
f |
f |
|a QK96 .R4 v.64
|t 0
|l Remote Storage
|